000 00563nam a2200193 a 4500
001 5022
003 CO-ViMGA
008 141112s2004 ck r 000 u spa d
020 _a9589176348
040 _aCO-ViMGA
_bspa
_cCO-ViMGA
082 0 4 _a346.077 B177
100 1 _aBarrero Tapias, Carlos Dano
_93238
245 1 0 _aCiencias Juridicas :
_blas obligaciones en el derecho moderno
260 _aSantafé de Bogotá :
_bUniversidad Javeriana,
_c1995
300 _a127 p
490 _aProfesores, 18
650 1 4 _aOBLIGACIONES (DERECHO)
_955247
942 _2ddc
_cBK
999 _c17024
_d17024